<?xml version="1.0" encoding="UTF-8"?>
<record
    xmlns:xsi="http://www.w3.org/2001/XMLSchema-instance"
    xsi:schemaLocation="http://www.loc.gov/MARC21/slim http://www.loc.gov/standards/marcxml/schema/MARC21slim.xsd"
    xmlns="http://www.loc.gov/MARC21/slim">

  <leader>03862nam a22002537a 4500</leader>
  <controlfield tag="005">20240305165636.0</controlfield>
  <controlfield tag="007">cr||||   |||| </controlfield>
  <controlfield tag="008">220718s2020    br |||||s|||| 00||0 por d</controlfield>
  <datafield tag="020" ind1=" " ind2=" ">
    <subfield code="a">978-85-93741-69-2</subfield>
  </datafield>
  <datafield tag="035" ind1=" " ind2=" ">
    <subfield code="a">36714</subfield>
  </datafield>
  <datafield tag="040" ind1=" " ind2=" ">
    <subfield code="a">vLex</subfield>
  </datafield>
  <datafield tag="090" ind1=" " ind2=" ">
    <subfield code="c">13565</subfield>
    <subfield code="d">13565</subfield>
  </datafield>
  <datafield tag="100" ind1="1" ind2=" ">
    <subfield code="a">Santos Sampaio, Alexandre</subfield>
  </datafield>
  <datafield tag="245" ind1="1" ind2="1">
    <subfield code="a">A blindagem patrimonial por interposta pessoa</subfield>
    <subfield code="h">[Recurso electr&#xF3;nico] /</subfield>
    <subfield code="c">Alexandre Santos Sampaio</subfield>
  </datafield>
  <datafield tag="256" ind1=" " ind2=" ">
    <subfield code="a">Servicio en l&#xED;nea</subfield>
  </datafield>
  <datafield tag="260" ind1=" " ind2=" ">
    <subfield code="a">Rio de Janeiro:</subfield>
    <subfield code="b">Editora Processo,</subfield>
    <subfield code="c">2020</subfield>
  </datafield>
  <datafield tag="300" ind1=" " ind2=" ">
    <subfield code="a">1 recurso electr&#xF3;nico</subfield>
  </datafield>
  <datafield tag="500" ind1=" " ind2=" ">
    <subfield code="a">Proteger o patrim&#xF4;nio. Este &#xE9; o objetivo prec&#xED;puo da blindagem patrimonial. Ningu&#xE9;m quer expor todo o seu patrim&#xF4;nio a risco quando se aventura em novo empreendimento, principalmente diante da possibilidade de desventura e fracasso do neg&#xF3;cio. Bem por isso que a pessoa jur&#xED;dica &#xE9; t&#xE3;o relevante para os neg&#xF3;cios empresariais ao destacar parcela de patrim&#xF4;nio do grupo instituidor e mitigar as consequ&#xEA;ncias do insucesso. Nessa toada, as pessoas naturais, ao se agruparem numa pessoa jur&#xED;dica na modalidade empresarial, destinam uma parcela de patrim&#xF4;nio para dotar a empresa de recursos para atingir os objetivos que almejam, qual seja, o lucro. Todos os demais objetivos que a empresa estampa na sua miss&#xE3;o como, por exemplo, desenvolvimento social, satisfa&#xE7;&#xE3;o do cliente, bem-estar dos funcion&#xE1;rios, dentre outros, s&#xE3;o meros acess&#xF3;rios: o objetivo principal &#xE9; auferir receitas maiores que as despesas para que seja poss&#xED;vel repartir os frutos do empreendimento entre os s&#xF3;cios. Dessarte, a pessoa jur&#xED;dica &#xE9; esp&#xE9;cie de blindagem patrimonial que protege seus s&#xF3;cios e instituidores, em regra, de investidas dos credores. H&#xE1; um v&#xE9;u que protege o empreendimento, com autonomia patrimonial e capacidade jur&#xED;dica pr&#xF3;prias. N&#xE3;o se pode olvidar a regra do risco empresarial que vige desde as grandes navega&#xE7;&#xF5;es europeias: o burgu&#xEA;s aplicava parte de seu capital em aventuras mar&#xED;timas em busca de especiarias da &#xED;ndia, mas podia perder tudo com um desastre como o naufr&#xE1;gio da nau que ele custeou. Entretanto, s&#xF3; perdia o que aplicou, n&#xE3;o tendo seu patrim&#xF4;nio pessoal atingido. Este &#xE9; o embri&#xE3;o da autonomia patrimonial da pessoa jur&#xED;dica. Exce&#xE7;&#xE3;o a essa regra &#xE9; a desconsidera&#xE7;&#xE3;o da personalidade jur&#xED;dica, a denominada lifting of the corporate veil, que acaba por atingir o patrim&#xF4;nio daqueles que se protegem na figura da pessoa jur&#xED;dica. Divide-se em duas teorias, a maior, que possui como expoente o art. 50 do C&#xF3;digo Civil, e a menor, que possui como expoente o art. 28 do C&#xF3;digo de Defesa do Consumidor. Para tentar se proteger da exce&#xE7;&#xE3;o &#xE0; separa&#xE7;&#xE3;o patrimonial, a criatividade humana idealizou refor&#xE7;o da blindagem patrimonial atrav&#xE9;s de interposta pessoa como s&#xF3;cio aparente, conhecida vulgarmente como 'laranja' ou 'testa de ferro'.  Essa forma de blindagem refor&#xE7;ada faz com que surja um novo v&#xE9;u dentro da pessoa jur&#xED;dica colocando s&#xF3;cios aparentes para ocultar os s&#xF3;cios reais. A teoria da desconsidera&#xE7;&#xE3;o tradicional n&#xE3;o penetra facilmente este novo v&#xE9;u, visto que toda a formalidade da pessoa jur&#xED;dica indica o s&#xF3;cio ostensivo. Este livro procura perscrutar essa tem&#xE1;tica, com exemplos, diante da Lei, da jurisprud&#xEA;ncia e da doutrina sobre o tema. Espera-se contribuir para a reflex&#xE3;o e pr&#xE1;tica profissional de todos os profissionais e acad&#xEA;micos do Direito.</subfield>
  </datafield>
  <datafield tag="506" ind1="1" ind2=" ">
    <subfield code="a">Disponible solo en los productos indicados</subfield>
    <subfield code="d">vLex Global</subfield>
    <subfield code="d">vLex Global (Academic Edition, excluding Law Schools)</subfield>
    <subfield code="d">vLex Global (U.S. Academic Edition, Law Schools)</subfield>
    <subfield code="d">vLex Global (U.S. Academic Edition, excluding Law Schools)</subfield>
    <subfield code="d">vLex Global (Academic Edition, Law Schools)</subfield>
  </datafield>
  <datafield tag="650" ind1="0" ind2="4">
    <subfield code="a">Sucesiones</subfield>
    <subfield code="z">Brasil</subfield>
  </datafield>
  <datafield tag="740" ind1="0" ind2=" ">
    <subfield code="a">vLex Libros (Servicio en l&#xED;nea)</subfield>
  </datafield>
  <datafield tag="856" ind1="4" ind2="0">
    <subfield code="u">https://app.vlex.com/#/sources/36714</subfield>
  </datafield>
  <datafield tag="942" ind1=" " ind2=" ">
    <subfield code="c">RAA</subfield>
  </datafield>
  <datafield tag="952" ind1=" " ind2=" ">
    <subfield code="0">0</subfield>
    <subfield code="1">0</subfield>
    <subfield code="4">0</subfield>
    <subfield code="7">0</subfield>
    <subfield code="8">VLEX</subfield>
    <subfield code="9">329721</subfield>
    <subfield code="a">BD-UIN</subfield>
    <subfield code="b">BD-UIN</subfield>
    <subfield code="d">2024-03-05</subfield>
    <subfield code="l">0</subfield>
    <subfield code="p">36714</subfield>
    <subfield code="r">2024-03-05</subfield>
    <subfield code="w">2024-03-05</subfield>
    <subfield code="y">RAA</subfield>
  </datafield>
  <datafield tag="999" ind1=" " ind2=" ">
    <subfield code="c">171801</subfield>
    <subfield code="d">171801</subfield>
  </datafield>
</record>
